00651nam a2200181 a 450000100100000000500170001000800410002702000150006804000250008324500330010826000290014130000320017050500390020250000380024171000680027995201050034799900170045200004263120201002040303.0140203s1984 sp ac 000 0 spa d a8477000530 aDO-SdBNPbspacBNPHU00aHistoria Universal del Arte. aMadrid, :bSARPE,c1984. av. :bil., retrs. ;c28 cm.1 tBibliografías de artistasgv. 10 aLa biblioteca posee el volumen 102 aSociedad Anónima de Revistas, Periódicos y Ediciones969895 001050718MOaGRbGRcCTd2014-02-03iLF1l0o p42631-10r2020-06-25w2020-06-25y1ZNo se presta c42120d42120